Culturas y estéticas contemporáneas /

Guardado en:
Autor Principal: Emanuel, Susana R.
Otros Autores: Lieban, Leonor, Igolnikov, Martín, Martínez, Aldo
Formato: Libro
Publicado: Buenos Aires : Macchi , 2001
Materias:
Etiquetas: Agregar Etiqueta
Sin Etiquetas, Sea el primero en etiquetar este registro!
LEADER 00940nam a22003015a 4500
001 CEM.cems011308
005 20080228083510.0
008 130507s2001##################000#0#####d
003 CEMS
020 |a 9505375387 
082 0 4 |a Z301.153 
100 1 |a Emanuel, Susana R. 
245 1 0 |a Culturas y estéticas contemporáneas /  |c Susana R. Emanuel ... [et Al.] 
260 |a Buenos Aires :  |b Macchi ,  |c 2001 
300 |a 159 p. 
505 0 |a La cultura -- Siglo XVIII -- Siglo XIX -- Siglo XX -- Algunos soportes de la creación artística: cine, danza, música, teatro, multimedia. 
653 |a Arte 
653 |a Pintura 
653 |a Cine 
653 |a Jazz 
653 |a Los beatles 
653 |a Teatro 
653 |a Teatro latinoamericano 
653 |a Música-historia 
700 1 |a Lieban, Leonor 
700 1 |a Igolnikov, Martín 
700 1 |a Martínez, Aldo 
859 |a CEMS  |b BIB. CEMS - 11 de abril  |h Z301.153  |i Em11  |p 22234.03  |t Ej.1